000 00445nam a22001817a 4500
003 CEME
005 20210628202220.0
008 210226b xxu||||| |||| 00| 0 eng d
020 _a969-8318-03-8
040 _c.
082 _a359.1 ZAH
100 _aZahir Shah, Mian
_958799
245 _aBubbles of water
260 _aISLAMABAD
_bPN BOOK CLUB
_c2001
300 _aXVII,485P
650 _aNAVAL LIFE AND CUSTOMS
_958800
942 _cBK
_2ddc
999 _c568912
_d568912